000
00278nam a2200121Ia 4500
008
240625s9999 xx 000 0 und d
041
_a
eng
082
_a
808.2
100
_a
MANORAMA MUSIC
245
_a
JANARANJANI CARNATIC CLASSICAL INSTRUMEN
260
_c
2013
365
_c
RS
999
_c
34921
_d
34921